It looks like you're offline.
Open Library logo
additional options menu

MARC record from Internet Archive

LEADER: 03099cam 2200697 i 4500
001 ocm01981599
003 OCoLC
005 20180730232128.0
008 760220s1976 nyu b 001 0 eng
010 $a 75016928
040 $aDLC$beng$cDLC$dMUQ$dOCLCG$dYDXCP$dOCLCG$dAU@$dP4I$dDEBBG$dBDX$dEUM$dOCLCO$dOCLCQ$dOCLCF$dLTU$dNLC$dXFF$dDHA$dOCLCQ$dOCLCO$dOCLCQ$dTYC$dOCLCQ
015 $a781565162$2can
016 $a(AMICUS)000000616931
020 $a0801409543
020 $a9780801409547
035 $a(OCoLC)1981599
050 00 $aPS1004.A4$bZ84 1976
072 7 $acoll1$2lacc
082 00 $a191$219
082 04 $a810/.9/004
083 0 $aAmerican philosophy. Theories of Adams, Henry & James, Henry, 1880-1920
084 $aHT 3005$2rvk
084 $aHT 5855$2rvk
084 $a813.4$223
084 $acoll1$2local/lacc
084 $acci1icc$2lacc
084 $acoll1$2lacc
100 1 $aRowe, John Carlos.
245 10 $aHenry Adams and Henry James :$bthe emergence of a modern consciousness /$cJohn Carlos Rowe.
260 $aIthaca, N.Y. :$bCornell University Press,$c1976.
300 $a254 pages ;$c23 cm
336 $atext$btxt$2rdacontent
337 $aunmediated$bn$2rdamedia
338 $avolume$bnc$2rdacarrier
504 $aIncludes bibliographical references (pages 243-250) and index.
530 $aAlso issued online.
505 0 $aHenry Adams and Henry James in the American literary tradition -- The quest for a concept of historical order in Democracy and Esther --The pluralistic unity and the experience of multiplicity in The education of Henry Adams -- The imaginative construction of historical order in The American Scene -- The realism of the symbolic process in The wings of the dove -- The deceptive symmetry of art in The golden bowl -- Henry Adams and Henry James in the context of modern literature.
600 10 $aAdams, Henry,$d1838-1918$xCriticism and interpretation.
600 10 $aJames, Henry,$d1843-1916$xCriticism and interpretation.
600 17 $aAdams, Henry,$d1838-1918.$2fast$0(OCoLC)fst00049713
600 17 $aJames, Henry,$d1843-1916.$2fast$0(OCoLC)fst00028686
600 17 $aAdams, Henry$d1838-1918$2gnd
600 17 $aJames, Henry$d1843-1916$2gnd
600 17 $aAdams, Henry (Historiker)$2swd
600 17 $aJames, Henry.$2swd
600 16 $aAdams, Henry,$d1838-1918$xCritique et interpre tation.
600 16 $aJames, Henry,$d1843-1916$xCritique et interpre tation.
655 7 $aCriticism, interpretation, etc.$2fast$0(OCoLC)fst01411635
776 08 $iOnline version:$aRowe, John Carlos.$tHenry Adams and Henry James.$dIthaca, N.Y. : Cornell University Press, 1976$w(OCoLC)558397931
938 $aBrodart$bBROD$n27051676$c$29.95
938 $aYBP Library Services$bYANK$n642049
029 1 $aAU@$b000000390567
029 1 $aDEBBG$bBV003212174
029 1 $aHEBIS$b094744688
029 1 $aHR0$b0801409543
029 1 $aNZ1$b30157
029 1 $aNZ1$b3577431
029 1 $aUNITY$b042888891
029 1 $aNLC$b000000616931
994 $aZ0$bP4A
948 $hNO HOLDINGS IN P4A - 753 OTHER HOLDINGS